Pradhan Mantri Jan Dhan Yojna: A tool for financial inclusion (Record no. 523691)

000 -LEADER
fixed length control field 00406nam a22001337a 4500
008 - FIXED-LENGTH DATA ELEMENTS--GENERAL INFORMATION
fixed length control field 230921b ||||| |||| 00| 0 eng d
100 ## - MAIN ENTRY--PERSONAL NAME
Personal name Sharma, Anupama and Kukeja, Sumit
245 ## - TITLE STATEMENT
Title Pradhan Mantri Jan Dhan Yojna: A tool for financial inclusion
260 ## - PUBLICATION, DISTRIBUTION, ETC. (IMPRINT)
Place of publication, distribution, etc Productivity
300 ## - PHYSICAL DESCRIPTION
Extent 64(1), Apr-Jun, 2023: p.54-61
773 ## - HOST ITEM ENTRY
Main entry heading Productivity
906 ## - LOCAL DATA ELEMENT F, LDF (RLIN)
Subject DIP FINANCIAL INCLUSION
942 ## - ADDED ENTRY ELEMENTS (KOHA)
Item type Articles
Holdings
Withdrawn status Lost status Source of classification or shelving scheme Damaged status Not for loan Permanent location Current location Date acquired Serial Enumeration / chronology Barcode Date last seen Koha item type
          Indian Institute of Public Administration Indian Institute of Public Administration 2023-09-21 64(1), Apr-Jun, 2023: p.54-61 AR129591 2023-09-21 Articles

Powered by Koha